| 000 | 00000nam##2200000za#4500 |
| 001 | 9.575147 |
| 003 | CaOODSP |
| 005 | 20220125145841 |
| 007 | cr ||||||||||| |
| 008 | 150406|2008||||xxc|||||o f|0| 0 eng|d |
| 040 | |aCaOODSP|beng |
| 043 | |an-cn--- |
| 086 | 1 |aD4-4/5-2-2008E-PDF |
| 110 | 1 |aCanada. |bDepartment of National Defence. |
| 245 | 10|aLeveraging trust : |h[electronic resource]|ba force multiplier for today / |cEdited by Lieutenant-Colonel Jeff Stouffer & Craig Leslie Mantle. |
| 260 | |aKingston - Ontario : |bNational Defence |cc2008. |
| 300 | |a146p.|bglossary, references, index |
| 490 | 1 |aIn harm's way |
| 500 | |aThe catalogue number (D4-4/5-1-2008E) and ISBN (978-0-662-48113-3 (bound) and 978-0-662-48114-0 (pbk.)) for the print edition have been incorrectly copied in this electronic publication. |
| 590 | |a12-38-Supp|b2012-09-27 |
| 775 | 08|tL'atout de la confiance : |w(CaOODSP)9.604754 |
| 776 | 0#|tLeveraging trust : |w(CaOODSP)9.618703 |
| 830 | #0|aIn harm's way.|w(CaOODSP)9.506945 |
| 856 | 40|ahttp://publications.gc.ca|qPDF|s1.81 MB|uhttps://publications.gc.ca/collections/collection_2012/dn-nd/D4-4-5-2-2008-eng.pdf |